00741nam a2200217Ii 45000010005000000030009000050080041000140400033000550410008000880820012000961000029001082450018001372640070001553000012002253360026002373370028002633380027002919400050003189990017003689520138003855226CO-ViMGA241108s9999||||xx |||||||||||||| ||und|| aCO-ViMGAbspaerdacCO-ViMGA0 aunk04a808-I751 aWashington Irving95262110aProsa selecta 1a[Lugar de publicación no identificado] : Editorial Novaro, 1950 avolumen atextbtxt2rdacontent aunmediatedbn2rdamedia avolumebnc2rdacarrier aidficha_siabuc: 5086. -- ficha_no_siabuc:5226 c55606d55606 001040708001aMEVIGERRbMEVIGERRcGENd2006-11-27hVol.1o808-I75pECA4330r2024-11-26 10:51:36tEj.1w2024-11-26yBKz5086 | 7287